<?xml version="1.0" encoding="UTF-8"?>
<record
    xmlns:xsi="http://www.w3.org/2001/XMLSchema-instance"
    xsi:schemaLocation="http://www.loc.gov/MARC21/slim http://www.loc.gov/standards/marcxml/schema/MARC21slim.xsd"
    xmlns="http://www.loc.gov/MARC21/slim">

  <leader>01686nam a22002537a 4500</leader>
  <controlfield tag="003">BJBSDDR</controlfield>
  <controlfield tag="005">20260515170537.0</controlfield>
  <controlfield tag="006">a|||||r|||| 00| 0 </controlfield>
  <controlfield tag="007">ta</controlfield>
  <controlfield tag="008">260515s20182017nyu|||||r|||| 00| 0 eng d</controlfield>
  <datafield tag="020" ind1=" " ind2=" ">
    <subfield code="a">9781501174193</subfield>
  </datafield>
  <datafield tag="040" ind1=" " ind2=" ">
    <subfield code="b">spa</subfield>
    <subfield code="c">BJBSDDR</subfield>
  </datafield>
  <datafield tag="041" ind1=" " ind2=" ">
    <subfield code="a">eng</subfield>
  </datafield>
  <datafield tag="050" ind1=" " ind2=" ">
    <subfield code="b">M478a 2018</subfield>
  </datafield>
  <datafield tag="100" ind1="1" ind2=" ">
    <subfield code="a">McCullough, David G.,</subfield>
    <subfield code="q">(David Gaub),</subfield>
    <subfield code="d">1933-</subfield>
    <subfield code="9">3554</subfield>
  </datafield>
  <datafield tag="245" ind1="1" ind2="4">
    <subfield code="a">The American spirit : </subfield>
    <subfield code="b">who we are and what we stand for /</subfield>
    <subfield code="c">David G. McCullough.</subfield>
  </datafield>
  <datafield tag="250" ind1=" " ind2=" ">
    <subfield code="a">First Simon &amp; Schuster paperback edition</subfield>
  </datafield>
  <datafield tag="260" ind1=" " ind2=" ">
    <subfield code="a">New York :</subfield>
    <subfield code="b">Simon &amp; Schuster,</subfield>
    <subfield code="c"> 2018</subfield>
  </datafield>
  <datafield tag="300" ind1=" " ind2=" ">
    <subfield code="a">xv, 174 pages :</subfield>
    <subfield code="b">illustrations (some color) ; </subfield>
    <subfield code="c">21 cm</subfield>
  </datafield>
  <datafield tag="505" ind1=" " ind2=" ">
    <subfield code="a">Contenidos : 
Simon Willard's clock
Civilization and the city
The spirit of Jefferson
Which way forward
The animating spirit
The lessons of history
What's essential is invisible
The first to reside here
History lost and found
The bulwark of freedom
Knowing who we are
The ties that bind
The love of learning
The summons to serve
A building like no other</subfield>
  </datafield>
  <datafield tag="520" ind1=" " ind2=" ">
    <subfield code="a">This collection of speeches by historian David McCullough reminds us of fundamental American principles. Over the course of his distinguished career, David McCullough has spoken before Congress, the White House, colleges and universities, historical societies, and other esteemed institutions. Now, as many Americans engage in self-reflection following a bitter election campaign that has left the country divided, McCullough has collected some of his most important speeches in a brief volume that articulates important principles and characteristics that are particularly American.</subfield>
  </datafield>
  <datafield tag="942" ind1=" " ind2=" ">
    <subfield code="2">lcc</subfield>
    <subfield code="n">0</subfield>
    <subfield code="c">BK</subfield>
  </datafield>
  <datafield tag="946" ind1=" " ind2=" ">
    <subfield code="i">llh</subfield>
  </datafield>
  <datafield tag="999" ind1=" " ind2=" ">
    <subfield code="c">127116</subfield>
    <subfield code="d">127116</subfield>
  </datafield>
  <datafield tag="952" ind1=" " ind2=" ">
    <subfield code="0">0</subfield>
    <subfield code="1">0</subfield>
    <subfield code="2">lcc</subfield>
    <subfield code="4">0</subfield>
    <subfield code="7">0</subfield>
    <subfield code="8">APT</subfield>
    <subfield code="a">BJB</subfield>
    <subfield code="b">BJB</subfield>
    <subfield code="c">APT</subfield>
    <subfield code="d">2026-05-15</subfield>
    <subfield code="l">0</subfield>
    <subfield code="o">M478a 2018</subfield>
    <subfield code="p">00000200107</subfield>
    <subfield code="r">2026-05-15 17:05:53</subfield>
    <subfield code="t">1</subfield>
    <subfield code="w">2026-05-15</subfield>
    <subfield code="y">BK</subfield>
  </datafield>
</record>
